[Event "Wolrd Chess Olympiad 2018"]
[Site "Batumi"]
[Date "2018.10.03"]
[Round "9"]
[Board "1"]
[WhiteFideId "1950711"]
[White "Monteiro Antonio"]
[BlackFideId "21100039"]
[Black "Bah Ebrima"]
[Result "0-1"]
[LiveChessVersion "1.4.8"]
[BlackElo "2066"]
[WhiteElo "1877"]

1. d4 {[%clk 1:29:51]} Nf6 2. c4 e6 {[%clk 1:29:19]} 3. Nf3 {[%clk 1:29:35]} c6
{[%clk 1:28:33]} 4. Bg5 {[%clk 1:29:23]} d5 {[%clk 1:28:01]} 5. e3
{[%clk 1:29:22]} Qa5+ {[%clk 1:26:51]} 6. Nbd2 {[%clk 1:27:54]} Ne4
{[%clk 1:26:15]} 7. a3 {[%clk 1:27:31]} Nxg5 {[%clk 1:25:48]} 8. Nxg5
{[%clk 1:27:27]} dxc4 {[%clk 1:26:03]} 9. Nge4 {[%clk 1:26:30]} b5
{[%clk 1:25:40]} 10. Be2 {[%clk 1:26:12]} Nd7 {[%clk 1:25:23]} 11. O-O
{[%clk 1:26:21]} Be7 {[%clk 1:24:35]} 12. a4 {[%clk 1:25:07]} Qb6
{[%clk 1:24:08]} 13. Bf3 {[%clk 1:23:37]} Rb8 {[%clk 1:23:35]} 14. Be2
{[%clk 1:22:33]} f5 {[%clk 1:23:13]} 15. Nc3 {[%clk 1:16:11]} a6 {[%clk 1:23:08]}
16. f4 {[%clk 1:14:32]} Nf6 {[%clk 1:23:03]} 17. Bf3 {[%clk 1:11:18]} O-O
{[%clk 1:22:04]} 18. axb5 {[%clk 1:07:58]} cxb5 {[%clk 1:20:14]} 19. b3
{[%clk 1:05:58]} cxb3 {[%clk 1:18:33]} 20. Nxb3 {[%clk 1:06:01]} Bb7
{[%clk 1:18:21]} 21. Bxb7 {[%clk 1:03:57]} Rxb7 {[%clk 1:14:17]} 22. Qd3
{[%clk 1:02:10]} Rd7 {[%clk 1:13:15]} 23. Kh1 {[%clk 1:00:58]} Rc8
{[%clk 1:12:17]} 24. Rfc1 {[%clk 0:59:05]} Rdc7 {[%clk 1:11:57]} 25. Ne2
{[%clk 0:58:06]} Rxc1+ {[%clk 1:11:06]} 26. Rxc1 {[%clk 0:58:33]} Rxc1+
{[%clk 1:11:28]} 27. Nexc1 {[%clk 0:57:38]} a5 {[%clk 1:11:03]} 28. Qc3
{[%clk 0:56:44]} a4 {[%clk 1:10:27]} 29. Na5 {[%clk 0:56:50]} Kf7
{[%clk 1:09:14]} 30. Nc6 {[%clk 0:56:45]} Nd7 {[%clk 1:05:09]} 31. Nd3
{[%clk 0:55:18]} Bd6 {[%clk 1:05:07]} 32. h3 {[%clk 0:47:53]} a3 {[%clk 1:04:57]}
33. Ncb4 {[%clk 0:46:27]} Qa5 {[%clk 1:03:37]} 34. Qc6 {[%clk 0:45:01]} Ke7
{[%clk 1:00:18]} 35. Qc3 {[%clk 0:38:54]} Bxb4 {[%clk 0:55:56]} 36. Nxb4
{[%clk 0:38:18]} Kf7 {[%clk 0:55:45]} 37. Qc6 {[%clk 0:33:19]} Qxb4 38. Qxd7+ Kf6
{[%clk 0:52:33]} 39. Kh2 {[%clk 0:30:33]} a2 {[%clk 0:50:57]} 40. Qa7
{[%clk 0:28:44]} Qa4 {[%clk 0:49:58]} 41. Qb8 {[%clk 0:26:47]} h6
{[%clk 0:48:06]} 42. Qe5+ {[%clk 0:49:37]} Kf7 {[%clk 1:17:40]} 43. d5
{[%clk 0:38:47]} Qa6 {[%clk 1:13:53]} 44. Qc7+ {[%clk 0:35:17]} Kg6
{[%clk 1:13:15]} 45. d6 {[%clk 0:31:23]} a1=Q 46. d7 {[%clk 0:31:30]} Qa7
{[%clk 1:09:54]} 47. d8=Q {[%clk 0:29:58]} Qxe3 {[%clk 1:09:55]} 48. Qe8+
{[%clk 0:27:46]} Kh7 {[%clk 1:10:06]} 0-1

[Event "Wolrd Chess Olympiad 2018"]
[Site "Batumi"]
[Date "2018.10.03"]
[Round "9"]
[Board "2"]
[WhiteFideId "21100306"]
[White "Garber Ousainou"]
[BlackFideId "1928112"]
[Black "Pereira Eder Marcio"]
[Result "1-0"]
[LiveChessVersion "1.4.8"]
[BlackElo "1781"]
[WhiteElo "1701"]

1. e4 {[%clk 1:30:44]} e6 {[%clk 1:30:46]} 2. d4 {[%clk 1:30:18]} d5
{[%clk 1:30:55]} 3. e5 {[%clk 1:29:31]} c5 {[%clk 1:31:01]} 4. c3
{[%clk 1:28:40]} Qb6 {[%clk 1:31:13]} 5. Nf3 {[%clk 1:28:13]} Nc6
{[%clk 1:31:31]} 6. Be2 {[%clk 1:27:15]} Nh6 {[%clk 1:30:42]} 7. O-O
{[%clk 1:25:28]} cxd4 {[%clk 1:29:57]} 8. c4 {[%clk 1:15:10]} Nf5
{[%clk 1:23:45]} 9. cxd5 {[%clk 1:13:56]} exd5 {[%clk 1:23:20]} 10. a3
{[%clk 1:13:00]} a5 {[%clk 1:22:16]} 11. Bd3 {[%clk 1:12:45]} Be7
{[%clk 1:17:39]} 12. Qc2 {[%clk 1:12:54]} g6 {[%clk 1:11:22]} 13. Re1
{[%clk 1:12:33]} O-O {[%clk 1:10:38]} 14. Nbd2 {[%clk 1:10:29]} Be6
{[%clk 1:07:29]} 15. Nf1 {[%clk 1:10:09]} Rfc8 {[%clk 1:05:51]} 16. Qb1
{[%clk 1:10:03]} Re8 {[%clk 0:55:22]} 17. Ng5 {[%clk 1:07:53]} Bxg5
{[%clk 0:42:21]} 18. Bxg5 {[%clk 1:06:39]} Ng7 {[%clk 0:39:50]} 19. Ng3
{[%clk 1:05:13]} Qc5 {[%clk 0:35:31]} 20. Qd1 {[%clk 1:03:23]} Rac8
{[%clk 0:30:14]} 21. Rc1 {[%clk 1:01:48]} Qf8 {[%clk 0:30:21]} 22. Bf6 Ne7
{[%clk 0:28:12]} 23. Qd2 {[%clk 0:58:28]} b6 {[%clk 0:24:05]} 24. Bb5
{[%clk 0:57:06]} Rxc1 {[%clk 0:22:19]} 25. Rxc1 {[%clk 0:56:33]} Rc8
{[%clk 0:22:39]} 26. Rxc8 {[%clk 0:52:03]} Nxc8 {[%clk 0:23:08]} 27. Qxd4
{[%clk 0:50:37]} Qc5 {[%clk 0:21:49]} 28. Qxc5 {[%clk 0:49:15]} bxc5
{[%clk 0:22:07]} 29. Bd8 {[%clk 0:49:17]} Kf8 {[%clk 0:20:05]} 30. Bxa5
{[%clk 0:48:42]} Ke7 {[%clk 0:18:36]} 31. f4 {[%clk 0:48:22]} f6 {[%clk 0:16:37]}
32. exf6+ {[%clk 0:47:24]} Kxf6 {[%clk 0:17:07]} 33. Bd8+ {[%clk 0:46:44]} Kf7
{[%clk 0:17:10]} 34. a4 {[%clk 0:46:09]} Ne8 {[%clk 0:16:29]} 35. a5
{[%clk 0:43:54]} Na7 {[%clk 0:12:48]} 36. Ba4 {[%clk 0:43:05]} Nd6
{[%clk 0:12:40]} 37. Bb6 {[%clk 0:42:55]} Nc4 {[%clk 0:04:09]} 38. Bxa7
{[%clk 0:37:28]} Nxb2 {[%clk 0:04:24]} 39. Bb5 {[%clk 0:35:49]} c4
{[%clk 0:03:28]} 40. Bd4 {[%clk 1:06:04]} 1-0

[Event "World Chess Olympiad 2018"]
[Site "Batumi"]
[Date "2018.10.03"]
[Round "9"]
[Board "1"]
[WhiteFideId "409014"]
[White "Kirby Peter J."]
[BlackFideId "10002235"]
[Black "Mdoe Yusuf"]
[Result "1-0"]
[LiveChessVersion "1.4.8"]
[BlackElo "1771"]
[WhiteElo "1988"]

1. Nf3 {[%clk 1:30:58]} d5 {[%clk 1:30:02]} 2. d4 {[%clk 1:31:22]} Nf6
{[%clk 1:29:43]} 3. c4 {[%clk 1:31:41]} dxc4 {[%clk 1:28:49]} 4. e3
{[%clk 1:31:37]} b5 {[%clk 1:27:52]} 5. a4 {[%clk 1:30:03]} c6 {[%clk 1:27:33]}
6. axb5 {[%clk 1:27:55]} cxb5 {[%clk 1:27:38]} 7. b3 {[%clk 1:25:49]} e6
{[%clk 1:25:30]} 8. bxc4 {[%clk 1:24:45]} Bb4+ {[%clk 1:24:59]} 9. Bd2
{[%clk 1:24:10]} Bxd2+ {[%clk 1:25:13]} 10. Nbxd2 {[%clk 1:23:48]} bxc4
{[%clk 1:25:30]} 11. Bxc4 {[%clk 1:18:35]} O-O {[%clk 1:25:45]} 12. O-O
{[%clk 1:18:06]} Nbd7 {[%clk 1:25:53]} 13. Qb3 {[%clk 1:11:26]} Nb6
{[%clk 1:24:36]} 14. Bd3 {[%clk 1:08:03]} Bb7 {[%clk 1:23:52]} 15. Rfc1
{[%clk 1:03:16]} Nfd5 {[%clk 1:22:44]} 16. Ne4 {[%clk 1:00:57]} Nf6
{[%clk 1:21:25]} 17. Nfd2 {[%clk 0:51:52]} Qe7 {[%clk 1:17:51]} 18. Qa3
{[%clk 0:48:05]} Qxa3 {[%clk 1:10:09]} 19. Nxf6+ {[%clk 0:47:54]} gxf6
{[%clk 1:10:02]} 20. Rxa3 {[%clk 0:48:23]} Rfc8 {[%clk 1:05:32]} 21. Rca1
{[%clk 0:45:50]} Bd5 {[%clk 1:05:35]} 22. f3 {[%clk 0:39:31]} Rc7
{[%clk 1:05:41]} 23. Kf2 {[%clk 0:36:52]} Nc8 {[%clk 1:02:04]} 24. Rb1
{[%clk 0:32:23]} h6 {[%clk 0:57:06]} 25. e4 {[%clk 0:30:24]} Bb7 {[%clk 0:53:33]}
26. Nc4 {[%clk 0:27:23]} Bc6 {[%clk 0:44:48]} 27. Na5 {[%clk 0:25:49]} Bd7
{[%clk 0:43:02]} 28. Nc4 {[%clk 0:22:57]} Bc6 {[%clk 0:42:53]} 29. Rab3
{[%clk 0:20:56]} Kf8 {[%clk 0:32:39]} 30. Na5 {[%clk 0:19:22]} Nb6
{[%clk 0:24:48]} 31. Rc3 {[%clk 0:17:56]} Rac8 {[%clk 0:22:55]} 32. Rbc1
{[%clk 0:17:55]} Bxe4 {[%clk 0:19:48]} 33. Rxc7 {[%clk 0:17:48]} Rxc7
{[%clk 0:19:15]} 34. Rxc7 {[%clk 0:18:17]} Bxd3 {[%clk 0:19:32]} 35. Rxa7
{[%clk 0:18:12]} Nd5 {[%clk 0:18:34]} 36. Ra8+ {[%clk 0:17:02]} Kg7
{[%clk 0:18:56]} 37. Nc6 {[%clk 0:16:00]} Bg6 {[%clk 0:15:56]} 38. Ra7
{[%clk 0:15:42]} f5 {[%clk 0:14:44]} 39. Ne7 {[%clk 0:14:37]} Nxe7
{[%clk 0:12:32]} 40. Rxe7 {[%clk 0:45:05]} h5 {[%clk 0:42:19]} 41. Kg3
{[%clk 0:44:38]} Kf8 {[%clk 0:39:33]} 42. Ra7 {[%clk 0:44:24]} f6
{[%clk 0:39:30]} 43. Kf4 {[%clk 0:44:10]} Bf7 {[%clk 0:39:39]} 44. d5
{[%clk 0:41:42]} exd5 {[%clk 0:40:03]} 45. Kxf5 {[%clk 0:41:23]} Kg7
{[%clk 0:40:31]} 46. Rd7 {[%clk 0:39:33]} d4 {[%clk 0:40:55]} 47. Rxd4
{[%clk 0:39:27]} Bg6+ {[%clk 0:41:15]} 48. Kf4 {[%clk 0:39:55]} Bf7
{[%clk 0:41:28]} 49. Rd7 {[%clk 0:38:54]} Kg6 {[%clk 0:41:52]} 50. Rc7
{[%clk 0:38:02]} Be6 {[%clk 0:42:19]} 51. Rc5 {[%clk 0:38:19]} Bf7
{[%clk 0:42:03]} 52. Kg3 {[%clk 0:36:28]} Kh6 {[%clk 0:40:11]} 53. Kh4
{[%clk 0:36:00]} Bg6 {[%clk 0:40:17]} 54. Ra5 {[%clk 0:35:57]} Bf7
{[%clk 0:39:59]} 55. Rf5 {[%clk 0:35:49]} Kg7 {[%clk 0:39:58]} 56. Rxh5
{[%clk 0:36:04]} Bg6 {[%clk 0:39:43]} 57. Ra5 {[%clk 0:35:55]} Bc2
{[%clk 0:39:53]} 58. Kg4 {[%clk 0:35:40]} Kg6 {[%clk 0:39:14]} 59. Kf4
{[%clk 0:35:54]} Bb3 {[%clk 0:38:39]} 60. g4 {[%clk 0:36:03]} Bd1
{[%clk 0:38:52]} 61. h4 {[%clk 0:36:18]} Be2 {[%clk 0:38:34]} 62. Rc5
{[%clk 0:36:39]} Bd1 {[%clk 0:38:39]} 63. Rc6 {[%clk 0:35:07]} Be2
{[%clk 0:37:46]} 64. g5 {[%clk 0:34:58]} Bd1 {[%clk 0:36:36]} 65. Rxf6+
{[%clk 0:35:22]} Kg7 {[%clk 0:36:33]} 66. Ke5 {[%clk 0:35:37]} Bc2
{[%clk 0:36:36]} 67. Kd6 {[%clk 0:35:33]} Bb3 {[%clk 0:36:41]} 68. Ke7
{[%clk 0:36:16]} Bd5 {[%clk 0:36:27]} 69. f4 {[%clk 0:36:35]} Be4
{[%clk 0:35:12]} 70. f5 {[%clk 0:36:37]} Bf3 {[%clk 0:35:21]} 71. Rf7+
{[%clk 0:35:30]} Kg8 {[%clk 0:35:41]} 72. f6 {[%clk 0:35:03]} Bh5
{[%clk 0:34:51]} 73. Rf8+ {[%clk 0:35:07]} Kh7 {[%clk 0:35:06]} 74. f7
{[%clk 0:34:32]} Bg6 {[%clk 0:34:38]} 75. Rh8+ {[%clk 0:32:55]} Kxh8
{[%clk 0:33:11]} 76. f8=Q+ {[%clk 0:33:06]} Kh7 {[%clk 0:32:46]} 77. Qh6+
{[%clk 0:33:26]} Kg8 {[%clk 0:33:33]} 78. Qxg6+ {[%clk 0:34:04]} Kh8
{[%clk 0:33:58]} 79. Qf6+ {[%clk 0:33:05]} Kg8 {[%clk 0:32:29]} 80. h5
{[%clk 0:31:41]} 1-0

[Event "World Chess Olympiad 2018"]
[Site "Batumi"]
[Date "2018.10.03"]
[Round "9"]
[Board "2"]
[WhiteFideId "10002324"]
[White "Njau Albert"]
[BlackFideId "10700099"]
[Black "Rowe Peter"]
[Result "0-1"]
[LiveChessVersion "1.4.8"]
[BlackElo "1951"]
[WhiteElo "1716"]

1. e4 {[%clk 1:30:51]} c5 {[%clk 1:30:40]} 2. Nf3 {[%clk 1:31:06]} a6
{[%clk 1:30:17]} 3. d4 {[%clk 1:30:56]} cxd4 {[%clk 1:30:24]} 4. Nxd4
{[%clk 1:30:58]} Nf6 {[%clk 1:30:39]} 5. Bd3 {[%clk 1:30:37]} e5 {[%clk 1:30:29]}
6. Nb3 {[%clk 1:30:26]} Nc6 {[%clk 1:28:23]} 7. c4 {[%clk 1:28:13]} d6
{[%clk 1:25:05]} 8. Nc3 {[%clk 1:25:57]} Be6 {[%clk 1:24:07]} 9. O-O
{[%clk 1:25:43]} Rc8 {[%clk 1:23:07]} 10. a3 {[%clk 1:22:35]} Be7
{[%clk 1:17:07]} 11. Be3 {[%clk 1:18:52]} O-O {[%clk 1:16:29]} 12. Nd5
{[%clk 1:09:39]} Bxd5 {[%clk 1:09:16]} 13. cxd5 {[%clk 1:06:51]} Nb8
{[%clk 1:09:08]} 14. Nd2 {[%clk 0:55:39]} Nbd7 {[%clk 1:01:45]} 15. f3
{[%clk 0:50:17]} Nc5 {[%clk 1:00:41]} 16. Be2 {[%clk 0:48:57]} b5
{[%clk 0:54:33]} 17. b3 {[%clk 0:47:05]} Nfd7 {[%clk 0:45:12]} 18. a4
{[%clk 0:40:38]} bxa4 {[%clk 0:41:34]} 19. b4 {[%clk 0:39:34]} Nb3
{[%clk 0:41:03]} 20. Nxb3 {[%clk 0:39:32]} axb3 {[%clk 0:41:12]} 21. Qxb3
{[%clk 0:39:24]} Bg5 {[%clk 0:38:16]} 22. Rxa6 {[%clk 0:35:30]} Bxe3+
{[%clk 0:36:37]} 23. Qxe3 {[%clk 0:35:20]} Nb8 {[%clk 0:36:27]} 24. Ra7
{[%clk 0:30:06]} f5 {[%clk 0:33:35]} 25. Rfa1 {[%clk 0:24:08]} f4
{[%clk 0:23:48]} 26. Qf2 {[%clk 0:20:25]} Rc2 {[%clk 0:22:02]} 27. Rb7
{[%clk 0:16:21]} Nd7 {[%clk 0:13:14]} 28. Raa7 {[%clk 0:11:44]} Rf7
{[%clk 0:11:59]} 29. Qe1 {[%clk 0:10:21]} Qc8 {[%clk 0:11:38]} 30. Bf1
{[%clk 0:10:37]} Rc1 {[%clk 0:09:25]} 31. Qe2 {[%clk 0:10:40]} Rc2
{[%clk 0:07:39]} 32. Qd3 {[%clk 0:05:09]} Rc1 {[%clk 0:07:28]} 33. h3
{[%clk 0:02:32]} Nc5 {[%clk 0:04:51]} 34. Rxf7 {[%clk 0:00:42]} Nxd3
{[%clk 0:05:20]} 35. Rxg7+ {[%clk 0:00:00]} 0-1

[Event "World Chess Olympiad 2018"]
[Site "Batumi"]
[Date "2018.10.03"]
[Round "9"]
[Board "3"]
[WhiteFideId "10700234"]
[White "Brookfield Toby"]
[BlackFideId "10002251"]
[Black "Mlawa Hemed"]
[Result "0-1"]
[LiveChessVersion "1.4.8"]
[BlackElo "1828"]
[WhiteElo "1873"]

1. e4 {[%clk 1:30:54]} c5 {[%clk 1:30:34]} 2. Nf3 {[%clk 1:31:16]} e6
{[%clk 1:30:52]} 3. d4 {[%clk 1:31:38]} cxd4 {[%clk 1:31:10]} 4. Nxd4
{[%clk 1:32:02]} a6 {[%clk 1:31:29]} 5. Bd3 {[%clk 1:32:20]} Nf6 {[%clk 1:31:45]}
6. c4 {[%clk 1:30:14]} Qc7 {[%clk 1:32:01]} 7. Nc3 {[%clk 1:29:04]} Nc6
{[%clk 1:30:40]} 8. Nxc6 {[%clk 1:28:37]} dxc6 {[%clk 1:31:02]} 9. Qe2
{[%clk 1:24:47]} e5 {[%clk 1:31:18]} 10. h3 {[%clk 1:24:11]} Bc5 {[%clk 1:31:00]}
11. Be3 {[%clk 1:23:31]} Bd4 {[%clk 1:30:47]} 12. O-O {[%clk 1:21:23]} Be6
{[%clk 1:30:58]} 13. Rfe1 {[%clk 1:13:27]} Rd8 {[%clk 1:26:12]} 14. Rad1
{[%clk 1:13:07]} O-O {[%clk 1:26:19]} 15. Bb1 {[%clk 1:08:17]} Bxe3
{[%clk 1:14:19]} 16. fxe3 {[%clk 1:05:08]} Qe7 {[%clk 1:11:01]} 17. b3
{[%clk 0:59:28]} g6 {[%clk 1:08:47]} 18. Qf2 {[%clk 0:57:07]} Nh5
{[%clk 1:05:24]} 19. g4 {[%clk 0:49:01]} Ng7 {[%clk 1:04:07]} 20. Qg3
{[%clk 0:45:41]} Qg5 {[%clk 1:04:09]} 21. Na4 {[%clk 0:40:53]} h5
{[%clk 1:03:29]} 22. Nc5 {[%clk 0:40:56]} Bc8 {[%clk 1:03:43]} 23. Nd3
{[%clk 0:41:20]} f6 {[%clk 1:01:44]} 24. Nf2 {[%clk 0:41:30]} hxg4
{[%clk 0:57:31]} 25. Nxg4 {[%clk 0:38:15]} Nh5 {[%clk 0:55:58]} 26. Qg2
{[%clk 0:34:20]} Rxd1 {[%clk 0:54:03]} 27. Rxd1 {[%clk 0:34:46]} Bxg4
{[%clk 0:54:29]} 28. Qxg4 {[%clk 0:28:15]} Qxe3+ {[%clk 0:54:40]} 29. Kh1
{[%clk 0:18:55]} Nf4 {[%clk 0:51:56]} 30. Kh2 {[%clk 0:18:37]} Qe2+
{[%clk 0:50:07]} 31. Qxe2 {[%clk 0:16:10]} Nxe2 {[%clk 0:50:31]} 32. Rd7
{[%clk 0:14:53]} Rf7 {[%clk 0:50:53]} 33. Rd8+ {[%clk 0:15:19]} Kg7
{[%clk 0:51:14]} 34. a3 {[%clk 0:14:08]} Nd4 {[%clk 0:43:18]} 35. b4
{[%clk 0:14:05]} c5 {[%clk 0:41:58]} 36. Rc8 {[%clk 0:13:06]} Nf3+
{[%clk 0:41:08]} 37. Kg2 {[%clk 0:12:12]} Nd2 {[%clk 0:41:26]} 38. Bd3
{[%clk 0:09:56]} Rd7 {[%clk 0:41:49]} 39. Be2 {[%clk 0:10:17]} cxb4
{[%clk 0:41:56]} 40. axb4 {[%clk 0:39:58]} Nxe4 {[%clk 1:10:31]} 41. c5
{[%clk 0:33:54]} Nc3 {[%clk 1:03:00]} 42. Bc4 {[%clk 0:28:37]} f5
{[%clk 0:57:38]} 43. c6 {[%clk 0:24:50]} bxc6 {[%clk 0:57:53]} 44. Rxc6
{[%clk 0:24:59]} Nd5 {[%clk 0:58:01]} 45. Bxd5 {[%clk 0:23:43]} Rxd5
{[%clk 0:58:09]} 46. Rxa6 {[%clk 0:23:59]} Rd3 {[%clk 0:58:04]} 47. Re6
{[%clk 0:20:11]} e4 {[%clk 0:58:23]} 48. b5 {[%clk 0:20:31]} Rb3 {[%clk 0:58:44]}
49. b6 {[%clk 0:20:40]} Kf7 {[%clk 0:58:49]} 50. Rc6 {[%clk 0:20:45]} f4
{[%clk 0:53:56]} 51. Rc7+ {[%clk 0:19:49]} Kf6 {[%clk 0:54:14]} 52. b7
{[%clk 0:20:04]} Rb2+ {[%clk 0:54:35]} 53. Kf1 {[%clk 0:19:35]} e3
{[%clk 0:54:35]} 54. Rc2 {[%clk 0:12:14]} Rxb7 {[%clk 0:54:18]} 55. Ke2
{[%clk 0:11:38]} Re7 {[%clk 0:53:58]} 56. Kf3 {[%clk 0:11:52]} e2
{[%clk 0:52:27]} 57. Rxe2 {[%clk 0:11:50]} Rxe2 {[%clk 0:52:48]} 58. Kxe2
{[%clk 0:12:18]} Kf5 {[%clk 0:53:03]} 59. Kf3 {[%clk 0:11:51]} g5
{[%clk 0:53:33]} 60. Kf2 {[%clk 0:12:08]} Ke4 {[%clk 0:53:58]} 61. Ke2
{[%clk 0:12:34]} 0-1

[Event "World Chess Olympiad 2018"]
[Site "Batumi"]
[Date "2018.10.03"]
[Round "9"]
[Board "4"]
[WhiteFideId "21600546"]
[White "Taher Hassuji"]
[BlackFideId "10700366"]
[Black "Nevska Gerda"]
[Result "0-1"]
[LiveChessVersion "1.4.8"]
[BlackElo "1819"]
[WhiteElo "1553"]

1. d4 {[%clk 1:30:49]} Nf6 {[%clk 1:30:26]} 2. Bf4 {[%clk 1:31:05]} Nh5
{[%clk 1:25:26]} 3. Bg3 {[%clk 1:30:32]} Nxg3 {[%clk 1:24:51]} 4. hxg3
{[%clk 1:30:59]} c5 {[%clk 1:24:26]} 5. e3 {[%clk 1:29:21]} Qb6 {[%clk 1:22:11]}
6. Nc3 {[%clk 1:21:02]} cxd4 {[%clk 1:16:15]} 7. exd4 {[%clk 1:20:07]} e6
{[%clk 1:16:00]} 8. a3 {[%clk 1:16:00]} Nc6 {[%clk 1:12:03]} 9. d5
{[%clk 1:06:18]} Qxb2 {[%clk 0:42:10]} 10. Nb5 {[%clk 1:01:58]} Qe5+
{[%clk 0:41:39]} 11. Be2 {[%clk 0:57:24]} a6 {[%clk 0:33:45]} 12. Nf3
{[%clk 0:48:39]} Qb8 {[%clk 0:34:08]} 13. dxc6 {[%clk 0:44:39]} axb5
{[%clk 0:34:00]} 14. cxd7+ {[%clk 0:41:41]} Bxd7 {[%clk 0:34:20]} 15. Nd4
{[%clk 0:27:01]} Qc7 {[%clk 0:25:37]} 16. Qd3 {[%clk 0:18:57]} Bb4+
{[%clk 0:09:47]} 17. Kf1 {[%clk 0:15:47]} Qc3 {[%clk 0:07:54]} 18. Qxc3
{[%clk 0:14:38]} Bxc3 {[%clk 0:08:21]} 19. Rd1 {[%clk 0:13:08]} Bxd4
{[%clk 0:07:14]} 20. Rxd4 {[%clk 0:13:36]} Rxa3 {[%clk 0:07:33]} 21. Rhh4
{[%clk 0:10:45]} Ra1+ {[%clk 0:07:40]} 22. Rd1 {[%clk 0:09:03]} Rxd1+
{[%clk 0:07:51]} 23. Bxd1 {[%clk 0:08:25]} Ke7 {[%clk 0:08:12]} 24. Rb4
{[%clk 0:08:21]} Ra8 {[%clk 0:08:15]} 25. Bf3 {[%clk 0:06:36]} Bc6
{[%clk 0:08:26]} 26. Ke2 {[%clk 0:06:19]} Ra4 {[%clk 0:07:46]} 27. c3
{[%clk 0:05:28]} Ra2+ {[%clk 0:07:59]} 28. Ke3 {[%clk 0:04:29]} Rc2
{[%clk 0:08:25]} 29. Rb3 {[%clk 0:04:08]} Kd6 {[%clk 0:08:05]} 30. Be2
{[%clk 0:02:51]} Kc5 {[%clk 0:07:43]} 31. f3 {[%clk 0:02:40]} h6 {[%clk 0:04:51]}
32. Kd3 {[%clk 0:02:57]} Ra2 {[%clk 0:05:06]} 33. Ke3 {[%clk 0:03:12]} b6
{[%clk 0:04:51]} 34. Kd3 {[%clk 0:03:28]} Bd5 {[%clk 0:05:18]} 35. Rb1
{[%clk 0:03:01]} Bc4+ {[%clk 0:05:42]} 0-1

[Event "World Chess Olympiad 2018"]
[Site "Batumi"]
[Date "2018.10.03"]
[Round "9"]
[Board "2"]
[WhiteFideId "8710651"]
[White "Mohamed Ali Djama"]
[BlackFideId "10400583"]
[Black "Moncur Cecil"]
[Result "0-1"]
[LiveChessVersion "1.4.8"]
[BlackElo "1873"]
[WhiteElo "1662"]

1. e4 {[%clk 1:30:58]} c5 {[%clk 1:30:45]} 2. Nf3 {[%clk 1:31:25]} e6
{[%clk 1:31:06]} 3. d4 {[%clk 1:31:53]} cxd4 {[%clk 1:31:27]} 4. Nxd4
{[%clk 1:32:22]} Nf6 {[%clk 1:31:44]} 5. Nc3 {[%clk 1:32:52]} Nc6
{[%clk 1:32:04]} 6. Be3 {[%clk 1:32:56]} Bb4 {[%clk 1:32:09]} 7. f3
{[%clk 1:31:29]} d5 {[%clk 1:31:43]} 8. Bb5 {[%clk 1:29:16]} Bd7 {[%clk 1:29:39]}
9. Bxc6 {[%clk 1:29:23]} Bxc6 {[%clk 1:29:37]} 10. Nxc6 {[%clk 1:26:33]} bxc6
{[%clk 1:29:23]} 11. e5 {[%clk 1:19:06]} Nd7 {[%clk 1:29:00]} 12. f4
{[%clk 1:19:15]} Qh4+ {[%clk 1:24:14]} 13. g3 {[%clk 1:19:24]} Qh3
{[%clk 1:24:35]} 14. Qd3 {[%clk 1:17:50]} c5 {[%clk 1:21:35]} 15. Bd2
{[%clk 1:17:33]} Bxc3 {[%clk 1:17:15]} 16. Bxc3 {[%clk 1:17:46]} d4
{[%clk 1:16:47]} 17. O-O-O {[%clk 1:17:55]} Qg2 {[%clk 1:16:22]} 18. Bxd4 cxd4
{[%clk 1:16:03]} 19. Qxd4 {[%clk 1:12:49]} Qc6 {[%clk 1:15:53]} 20. Rd2
{[%clk 1:09:42]} Qxh1+ {[%clk 1:15:40]} 0-1